Responding to family violence : (Record no. 2458)

000 -LEADER
fixed length control field 00628cam a2200181 a 4500
020 ## - INTERNATIONAL STANDARD BOOK NUMBER
International Standard Book Number 9780415885607 (hardback : alk. paper)
020 ## - INTERNATIONAL STANDARD BOOK NUMBER
International Standard Book Number 9780415885614 (pbk. : alk. paper)
082 00 - DEWEY DECIMAL CLASSIFICATION NUMBER
Classification number 362.82/92 MUR
100 1# - MAIN ENTRY--PERSONAL NAME
Personal name Murray, Christine E.
245 10 - TITLE STATEMENT
Title Responding to family violence :
250 ## - EDITION STATEMENT
Edition statement 1st ed.
260 ## - PUBLICATION, DISTRIBUTION, ETC.
Place of publication, distribution, etc. New York :
Name of publisher, distributor, etc. Brunner-Routledge,
Date of publication, distribution, etc. c2013.
300 ## - PHYSICAL DESCRIPTION
Extent xxvii, 449 p. :
Other physical details ill. ;
650 #0 - SUBJECT ADDED ENTRY--TOPICAL TERM
Topical term or geographic name entry element Family violence.
700 1# - ADDED ENTRY--PERSONAL NAME
Personal name Graves, Kelly N.
942 ## - ADDED ENTRY ELEMENTS (KOHA)
Koha item type Book
Holdings
Withdrawn status Lost status Source of classification or shelving scheme Damaged status Not for loan Collection code Permanent Location Current Location Shelving location Date acquired Total Checkouts Total Renewals Full call number Barcode Date last seen Price effective from Koha item type
            Central Library (CL) Central Library (CL) General Stacks 06/29/2015   1 362.82/92 MUR S3H-S-21 10/13/2021 06/29/2015 Book
© 2023 Central Library, National University of Sciences and Technology. All Rights Reserved.